00684nam a2200241 a 4500001001300000003000900013005001700022008004100039020002400080082001700104100001700121245002400138260003500162300000900197500003500206505001000241650002200251700001700273902000800290942000700298952012000305999001700425nice12345678IN_TiNIC20260116014658.0091019s2009 enga grp 000 0 eng  a9781846141478c416000a320.011bSEN aSen, Amartya aThe Idea of Justice aEngland bPenguin Books c2009 a467p aincludes index and biblioraphy2 aIndex aPolitical Justice1 aSen, Amartya bSRS cBK 001040708StackRoom-aHMIbHMId2010-09-02g4160.00l0o320.011 SENp022887r2010-09-02v4160.00w2009-10-19yBK c16437d16437